Cyprus: Its ancient cities, tombs, and temples. A narrative of researches and excavations during ten years'residence as American Consul in that island. By General Louis Palma di Cesnola, Member Royal Academic of Sciences, Turín. With maps and illustrations
Saved in:
| Hovedforfatter: | |
|---|---|
| Format: | Bog |
| Sprog: | engelsk |
| Udgivet: |
Londres
John Murray, Albemarle street
1877
|
| Udgivelse: | 1a. ed |
| Fag: | |
| Tags: |
Tilføj Tag
Ingen Tags, Vær først til at tagge denne postø!
|
MARC
| LEADER | 00000nam a2200000 a 4500 | ||
|---|---|---|---|
| 001 | UCJ6632 | ||
| 003 | CL-VaPUC | ||
| 008 | 070124e18770000UK |||||||||||||||||eng|d | ||
| 082 | 0 | 4 | |a 901 |b PAL |2 21 |
| 100 | 0 | |a Palma di Cesnola, Louis |e author |9 513620 | |
| 245 | 1 | 0 | |a Cyprus: Its ancient cities, tombs, and temples. A narrative of researches and excavations during ten years'residence as American Consul in that island. By General Louis Palma di Cesnola, Member Royal Academic of Sciences, Turín. With maps and illustrations |
| 250 | |a 1a. ed | ||
| 300 | |a xix, 448 p | ||
| 942 | |c BK | ||
| 945 | |d 20070124 00:00:00 |a rinostro | ||
| 260 | |a Londres |b John Murray, Albemarle street |c 1877 | ||
| 500 | |a Ilustraciones y mapas conforme a lo señalado en índices | ||
| 650 | 0 | |a Arqueología |9 265619 | |
| 650 | 7 | |a FENICIOS |2 CL-VaPUC |9 513621 | |
| 650 | 0 | |a Paleografía |9 264942 | |
| 650 | 0 | |a Ilustraciones |9 369481 | |
| 650 | 0 | |a Mapas |9 260844 | |
| 651 | 0 | |a Chipre |9 381833 | |
| 651 | 0 | |a Grecia |9 265314 | |
| 583 | |a last modification |c 20070124 00:00:00 |k Rodrigo Vera | ||
| 999 | |c 322734 |d 322732 | ||
| 952 | |0 0 |1 0 |4 0 |6 901_000000000000000_PAL_1877 |7 0 |8 X |9 401797 |a FDOBUD |b FDOBUD |d 2019-11-22 |i 1050540 |o 901 PAL 1877 |p 1050540 |r 2019-11-22 |w 2019-11-22 |y BK_X |k BUD | ||